LEADER 01487nam a2200325 u 4500 001 000000031567 003 CaOOAMICUS 005 20070226112144.0 008 971006s1983 it a u000 u ita u 020 $a8885669018 035 $a10771544 040 $aPUL(R)$bita$dAD 041 1 $aita$aeng 100 1 $aGeller, Ruth Liliana.$0(OLS)http://pul/name/25176 245 10$aRoma ebraica :$bduemila anni di storia in immagini = Jewish Rome : a pictorial history of 2000 years /$ctesto = text Ruth Liliana Geller .. 246 31$aJewish Rome :$ba pictorial history of 200 years 260 $aRoma :$bViella,$c1983. 300 $a167 p. ;$c27 cm 504 $aBibliografia: p. 167. 650 0$aJews$zItaly$zRome$xHistory.$2//eng$0(OLS)http://pul/subject/17295 650 0$aJews$xPersecutions.$2//eng$0(OLS)http://pul/subject/17296 651 0$aRome (Italy)$xHistory.$2//eng$0(OLS)http://pul/subject/283 850 $aPUL 852 $aPUL$W1$xSL Religione 1$y3$m7(1) D 91$j43595$nBK-PRI$b $qStampati$B43595$CPULBib$Z2$F43595 $H $81 941 1 $a8 961 $aINV: 60952 996 $6020$a8885669018$9(OLS)http://pul/number/39615 996 $6245$aRoma ebraica :$bduemila anni di storia in immagini = Jewish Rome : a pictorial history of 2000 years$9(OLS)http://pul/title/43415 996 $6246$aJewish Rome :$ba pictorial history of 200 years$9(OLS)http://pul/title/43416 996 $6260$aRoma :$bViella$9(OLS)http://pul/publisher/54599 LEADER 01545nam a2200289 a 4500 001 000000161003 003 CaOOAMICUS 005 20170526124849.0 008 170526s2017 it frm z000 0 ita r 032 $aLibriCat 040 $aPUL$bita 100 1 $aPandolfi, Antonello.$0(OLS)http://pul/name/103064 245 12$aL'interlocuzione tra giudice e perito nelle cause di nullità matrimoniale con speciale riguardo al profilo della maturità psico-affettiva nelle sentenze della Rota Romana / $cAntonello Pandolfi. 260 $aRoma :$b[s.n.],$c2017. 300 $a197 p.;$c24 cm 502 $aEstratto da Tesi di Dottorato-- Pontificia Universitas Lateranensis--Facoltà di Diritto Canonico--Roma, 2017. 504 $aBibliografia: p. [181]-197. 650 04$aDiritto processuale canonico.$0(OLS)http://pul/subject/29586 650 4$aDiritto processuale canonico$xGiudici.$0(OLS)http://pul/subject/42227 710 2 $aPontificia Università Lateranense.$bFacoltà di diritto canonico.$kTesi.$0(OLS)http://pul/name/81682 850 $aPUL 852 $aPUL$W1$xDP1 Tesi Pon Univ. Lateranense$y41$m2017 C 13$j184946$qTesi$B188139$CPULBib$Z2$F188139 $82 941 1 $a16 960 $aDiritto canonico processuale$929586 996 $6245$aL'interlocuzione tra giudice e perito nelle cause di nullità matrimoniale con speciale riguardo al profilo della maturità psico-affettiva nelle sentenze della Rota Romana / $9(OLS)http://pul/title/200722 996 $6260$aRoma :$b[s.n.]$9(OLS)http://pul/publisher/47958